00549nam a2200181 a 4500008004100000020002200041100001900063245008100082250001200163260003600175300003500211500004100246650003700287700001600324003000100340005001700341040000900358  a034091338X (pbk.)1 aWatson, James.10aDictionary of media and communication studies /cJames Watson and Anne Hill. a7th ed. aLondon :bHodder Arnold,c2006. axxiv, 337 p. :bill. ;c24 cm. aIncludes bibliographical references. 1aMedia and communication studies. aHill, Anne.20230123124926.0 cNUST